Diccionario enciclopédico Espasa 12 volúmenes

Bibliographic Details
Format: Section = Libro
Language:Undetermined
Spanish
Published: Madrid Espasa Calpe, S.A. 1999
Subjects:
LEADER 00503nam a2200181Ia 4500
008 240829s9999 xx 000 0 und d
020 |a 84-239-8647-0 
040 |a BIBLIOTECA-RUSB/ Ref 036.1 D545 
041 |a spa 
082 |a Ref 036.1 D545 
245 1 0 |a Diccionario enciclopédico Espasa 12 volúmenes 
260 |a Madrid  |b Espasa Calpe, S.A.  |c 1999 
300 |a 12 v. :il. 
650 7 |a ENCICLOPEDIAS Y DICCIONARIOS 
650 7 |b  DICCIONARIOS DE LAMINAS 
942 |c BK  |2 ddc 
991 |a TEXTO 
999 |c 5668